Generator Puzzle #59 - Statistics

General Stats
  • This quiz has been taken 162 times
  • The average score is 14 of 21
Answer Stats
word % Correct
one more time again
88%
Fe iron
88%
3-piece music group trio
88%
wheat, oats, etc grain
83%
smile grin
82%
women's head jewellery tiara
82%
ripped torn
78%
very large giant
75%
casting a ballot voting
73%
horned animal goat
69%
soldier's food allowance ration
69%
pilot aviator
59%
late September baby Virgo
59%
inert gas argon
57%
island nation Tonga
56%
opposite of blanc noir
55%
self-centered vain
45%
musical instrument organ
43%
9-letter word NAVIGATOR
38%
subarctic forest taiga
36%
shouting wildly raving
32%
No matching quizzes found
Score Distribution
Percent of People with Each Score
Percentile by Number Answered
Your Score History
You have not taken this quiz